| 000 | 00343nam a2200109Ia 4500 | ||
|---|---|---|---|
| 008 | 171211s9999 xx 000 0 und d | ||
| 245 | _aAcceptance and Mindfulness in Cognitive Behavior Therapy | ||
| 245 | _cEvan M. Forman and James D. Herbert | ||
| 260 | _c2010 | ||
| 650 | _xPSYCHOLOGY | ||
| 856 | _uhttp://down.ebook777.com/063/0470474416.pdf | ||
| 999 |
_c349242 _d349242 |
||